000 00789nam a22002535i 4500
001 172140
003 ES-MaACL
005 20230906214826.0
008 090616s1986 sp |||| | spa d
020 _a84-86152-16-X
080 _a612.8(075.8)
100 1 _aSobrino Montalbán, J. A.
_9107009
245 1 0 _aNeurofisiología /
_cJ.A. Sobrino Montalbán, J. Simón Martín ; I. Sobrino del Riego, dirección artística.
260 _aMadrid :
_bLuzan 5,
_c[1986]
300 _a340 p. :
_bil. ;
_c24 cm.
490 1 _aPregrado
504 _aBibliografía.
650 1 4 _aNeurofisiología.
_915528
700 1 _aSobrino del Riego, I.
_9140718
700 1 _aSimón Martín, J.
_9140720
830 0 _aPregrado
_9178352
852 _aES-MaACL
_jC-59
_9R.114362
999 _c172140
_d172140